Evaluation of the lipophilicity of chalcones by RP-TLC and computational methods

Elmentve itt :
Bibliográfiai részletek
Szerzők: Dobričić Vladimir
Turković Nemanja
Ivković Branka
Csuvik Oszkár
Vujić Zorica
Dokumentumtípus: Cikk
Megjelent: 2020
Sorozat:JPC - JOURNAL OF PLANAR CHROMATOGRAPHY - MODERN TLC 33 No. 3
Tárgyszavak:
doi:10.1007/s00764-020-00029-w

mtmt:31365182
Online Access:http://publicatio.bibl.u-szeged.hu/27304
LEADER 00937nab a2200253 i 4500
001 publ27304
005 20230527114220.0
008 230527s2020 hu o 0|| Angol d
022 |a 0933-4173 
024 7 |a 10.1007/s00764-020-00029-w  |2 doi 
024 7 |a 31365182  |2 mtmt 
040 |a SZTE Publicatio Repozitórium  |b hun 
041 |a Angol 
100 1 |a Dobričić Vladimir 
245 1 0 |a Evaluation of the lipophilicity of chalcones by RP-TLC and computational methods  |h [elektronikus dokumentum] /  |c  Dobričić Vladimir 
260 |c 2020 
300 |a 245-253 
490 0 |a JPC - JOURNAL OF PLANAR CHROMATOGRAPHY - MODERN TLC  |v 33 No. 3 
650 4 |a Farmakológia és gyógyszerészet 
700 0 1 |a Turković Nemanja  |e aut 
700 0 1 |a Ivković Branka  |e aut 
700 0 1 |a Csuvik Oszkár  |e aut 
700 0 1 |a Vujić Zorica  |e aut 
856 4 0 |u http://publicatio.bibl.u-szeged.hu/27304/1/JPC-JPlanarChromat_Dobricic_2020_245.pdf  |z Dokumentum-elérés